Visualizzazione normale
Vista MARC
- Brahms Johannes
di Personal Name
Records bibliografici associati: 1
001 - CONTROL NUMBER
- control field: 9441
003 - CONTROL NUMBER IDENTIFIER
- control field: IT-RoPau
005 - DATE AND TIME OF LATEST TRANSACTION
- control field: 20140117221936.0
008 - FIXED-LENGTH DATA ELEMENTS
- fixed length control field: 140117|| aca||aabn | a|a d
040 ## - CATALOGING SOURCE
- Original cataloging agency: IT-RoPau
- Transcribing agency: IT-RoPau
100 ## - HEADING--PERSONAL NAME
- Personal name: Brahms Johannes
- Miscellaneous information: Codice autore musica SPICS: 8867
- Name of part/section of a work: Danza ungherese N.5 in sol minore: allegro - Danza ungherese n. 6 in re maggiore: vivace - Danza ungherese n. 3 in fa maggiore: allegretto - Danza ungherese n. 1 in sol minore: allegro molto
670 ## - SOURCE DATA FOUND
- Source citation: Work cat.: (IT-RoPau)103500: AA.VV. 794, Fantasia ungherese-Rapsodie ungheresi N.4 e N.5-Danze ungheresi